000 01089cam a22002651i 4500
003 SA-RiAUC
005 20251230072241.0
008 251225s2009 su g 000r0 ara c
020 _a9789960038667
040 _aSA-MaAOL
_bara
_cSA-RiAUC
_erda
082 0 4 _a252.59
_qSA-RiAUC
090 _a252.59
_bا ل ف
100 1 _aآل فريان، الوليد بن عبد الرحمن بن محمد،
_d1382 هجري-
_eمؤلف.
245 1 0 _aحكم رمي الجمار قبل الزوال /
_cتأليف الوليد بن عبد الرحمن بن محمد آل فريان.
250 _aالطبعة الأولى.
264 1 _aمكة المكرمة :
_bدار عالم الفوائد،
_c2009
300 _a95 صفحة ؛
_c24 سم.
336 _aنص
_btxt
_2rdacontent
_3كتاب
337 _aبدون وسيط
_bn
_2rdamedia
338 _aمجلد
_bnc
_2rdacarrier
490 0 _aسلسلة الأبحاث الفقهية في الحج ؛
_v)1-2)
650 7 _aرمي الجمار (فقه إسلامي)
_2aucsh
942 _2ddc
_cBOOK
_n0
949 _aSA-JeALM
_d251225
_umohamedma123
_n1
999 _c13815
_d13815